Miasta Aglomeracji Łódzkiej po miejscach - Statystyki

Ogólne statystyki
  • Ten quiz został rozwiązany 14 razy
  • Średni wynik to 7 z 13
Statystyki odpowiedzi
Obrazkowy Hint Odpowiedź % Poprawnych
Manufaktura Łódź
89%
Ptak Outlet Rzgów
89%
Dworzec PKP Koluszki
78%
Tramwaj Konstantynów Łódzki
67%
Czynna Łaźnia Miejska Zgierz
67%
Centrum Medyczne Herbrand Aleksandrów Łódzki
56%
Rynek Ozorków
44%
Stary Rynek Pabianice
44%
Targowisko Tekstylne Tuszyn
44%
Segro Park Stryków
33%
Muzeum Regionalne Brzeziny
22%
Molo Głowno
22%
Gminny Ośrodek Kultury Lutomiersk
11%
Nie znaleziono quizów pasujących do podanych kryteriów
Rozkład punktacji
Procent ludzi z każdym wynikiem
Percentyl według liczby udzielonych odpowiedzi
Twoja historia wyników
Nie rozwiązałeś tego quizu